LEADER 01348nas 2200409- 450 001 9910133664803321 005 20241204164421.0 011 $a2368-4526 035 $a(OCoLC)883675470 035 $a(CKB)3310000000010173 035 $a(CONSER)--2014268705 035 $a(EXLCZ)993310000000010173 100 $a20130730a20089999 o-- a 101 0 $aeng 181 $ctxt$2rdacontent 182 $cc$2rdamedia 183 $acr$2rdacarrier 200 00$aCollected essays on learning and teaching 210 1$a[Hamilton, Ontario] :$cSociety for Teaching and Learning in Higher Education (STLHE),$d2008- 215 $a1 online resource 300 $aSome issues have also thematic titles. 300 $aRefereed/Peer-reviewed 517 1 $aCELT 606 $aTeaching$xResearch$vPeriodicals 606 $aLearning$xResearch$vPeriodicals 606 $aLearning$xResearch$2fast$3(OCoLC)fst00994844 606 $aTeaching$xResearch$2fast$3(OCoLC)fst01144613 608 $aPeriodicals.$2fast 615 0$aTeaching$xResearch 615 0$aLearning$xResearch 615 7$aLearning$xResearch. 615 7$aTeaching$xResearch. 712 02$aSociety for Teaching and Learning in Higher Education, 906 $aJOURNAL 912 $a9910133664803321 996 $aCollected essays on learning and teaching$91994809 997 $aUNINA